|
|
|
|
| LEADER |
02298nam a2200637 a 4500 |
| 001 |
nkc20142634778 |
| 003 |
CZ PrNK |
| 005 |
20150605103223.0 |
| 007 |
ta |
| 008 |
141024s2014 xr e 000 0 eng |
| 015 |
|
|
|a cnb002634778
|
| 020 |
|
|
|a 978-80-260-6980-5
|q (váz.)
|
| 035 |
|
|
|a (OCoLC)913563366
|
| 040 |
|
|
|a BOA001
|b cze
|
| 072 |
|
7 |
|a 22/24
|x Náboženství Dálného východu. Indická náboženství. Hinduismus. Buddhismus
|2 Konspekt
|9 5
|
| 080 |
|
|
|a 130.31
|2 MRF
|
| 080 |
|
|
|a 2-183.5
|2 MRF
|
| 080 |
|
|
|a 128/129
|2 MRF
|
| 080 |
|
|
|a 159.9
|2 MRF
|
| 080 |
|
|
|a 233
|2 MRF
|
| 080 |
|
|
|a 233-852.5U
|2 MRF
|
| 080 |
|
|
|a 233-584.5
|2 MRF
|
| 080 |
|
|
|a 165.322
|2 MRF
|
| 080 |
|
|
|a 2-423.3-544.7
|2 MRF
|
| 080 |
|
|
|a 165.31/.32
|2 MRF
|
| 080 |
|
|
|a (049)
|2 MRF
|
| 100 |
0 |
|
|a Suhotra,
|c svámí,
|d 1950-2007
|7 jx20100713006
|4 aut
|
| 245 |
1 |
0 |
|a Vedānta psychology :
|b India's ancient wisdom of the mind /
|c Suhotra Swami
|
| 246 |
3 |
0 |
|a India's ancient wisdom of the mind
|
| 260 |
|
|
|a [Karlštejn :
|b Vidyagati dás],
|c c2014
|
| 300 |
|
|
|a 167 s. ;
|c 22 cm
|
| 500 |
|
|
|a Pod názvem: Bhaktivedanta Academy
|
| 650 |
0 |
7 |
|a filozofie mysli
|7 ph629605
|x hinduistické pojetí
|2 czenas
|
| 650 |
0 |
7 |
|a duše
|7 ph114376
|x hinduistické pojetí
|2 czenas
|
| 650 |
0 |
7 |
|a psychologie
|7 ph115948
|x hinduistické pojetí
|2 czenas
|
| 650 |
0 |
7 |
|a védánta
|7 ph116671
|2 czenas
|
| 650 |
0 |
7 |
|a duchovní cesta
|7 ph119626
|2 czenas
|
| 650 |
0 |
7 |
|a duchovní poznání
|7 ph119632
|2 czenas
|
| 650 |
0 |
7 |
|a duchovní rozlišování
|7 ph353331
|2 czenas
|
| 650 |
0 |
7 |
|a transcendentální filozofie
|7 ph116474
|2 czenas
|
| 650 |
0 |
9 |
|a philosophy of mind
|x Hindu approach
|2 eczenas
|
| 650 |
0 |
9 |
|a soul
|x Hindu approach
|2 eczenas
|
| 650 |
0 |
9 |
|a psychology
|x Hindu approach
|2 eczenas
|
| 650 |
0 |
9 |
|a Vedanta
|2 eczenas
|
| 650 |
0 |
9 |
|a spiritual path
|2 eczenas
|
| 650 |
0 |
9 |
|a spiritual knowledge
|2 eczenas
|
| 650 |
0 |
9 |
|a spiritual discernment
|2 eczenas
|
| 650 |
0 |
9 |
|a transcendentalism
|2 eczenas
|
| 655 |
|
7 |
|a pojednání
|7 fd133056
|2 czenas
|
| 655 |
|
9 |
|a essays
|2 eczenas
|
| 710 |
2 |
|
|a Bhaktivedanta Academy (Majapur, Indie)
|7 ko2015869486
|
| 910 |
2 |
|
|a BOA001
|b 2-1345.803
|
| 990 |
|
|
|a BK
|
| 995 |
|
|
|a 01
|
| 991 |
|
|
|b 201505
|c NOV
|e n
|
| 996 |
6 |
|
|b 2610631070
|c 2-1345.803
|l MZK
|r Sklad / do 1 hodiny
|n 0
|p p.v.
|w 001501747
|u 000010
|a 1
|e BOA001
|j MZK50
|s P
|